| 000 | 00645nam a2200229Ia 4500 | ||
|---|---|---|---|
| 003 | OSt | ||
| 005 | 20220923214117.0 | ||
| 006 | a|||||r|||| 00| 0 | ||
| 007 | ta | ||
| 008 | 220922b |||||||| |||| 00| 0 hin d | ||
| 024 | _a167,046 | ||
| 037 | _cTextual | ||
| 040 |
_aARTS _cARTS _bhin |
||
| 041 |
_2hin _ahin |
||
| 082 | _aO152:1N071:16, J0 | ||
| 100 | _aबच्चन, हरिवंशराय | ||
| 245 | 0 | _aबंगाल का काल | |
| 246 | _aBangāl kā kāla | ||
| 260 | _c1950 | ||
| 942 |
_hO152:1N071:16, J0 _cTEXL _2CC |
||
| 999 |
_c321525 _d321525 |
||